Millionenstädte Mexikos - Statistiken

Allgemein
  • Dieses Quiz wurde 25 mal gespielt
  • Das Durchschnittsergebnis liegt bei 5 aus 10
Antwortstatistiken
Einwohnerzahl Stadt % Korrekt
8.843.706 Mexiko-Stadt
96%
1.385.621 Guadalajara
79%
1.142.952 Monterrey
75%
1.810.645 Tijuana
75%
1.542.232 Puebla
63%
1.501.551 Ciudad Juárez
38%
1.579.803 León
33%
1.643.623 Ecatepec
17%
1.072.676 Nezahualcóyotl
8%
1.257.547 Zapopan
8%
Keine übereinstimmenden Quizze gefunden
Verteilung der Resultate
Anzahl Personen mit jedem Resultat
Perzentil nach korrekt beantworteten Fragen
Ihre Resultats-Entwicklung
Sie haben dieses Quiz noch nicht gespielt